Global Voices in Education Ruth Wong Memorial Lectures, Volume II /

This book (Volume II) brings together lectures given by eminent educationalists between 1983 and 2008 in memory of the work of Ruth Wong, an influential figure in the field of education in the 1970s and early 1980s. Addressing learning, schooling, teaching, teacher education, educational research an...

Full description

Bibliographic Details
Corporate Author: SpringerLink (Online service)
Other Authors: Tan, Oon Seng (Editor), Wong, Hee Ong (Editor), Seng, Seok Hoon (Editor)
Format: Electronic eBook
Language:English
Published: Singapore : Springer Singapore : Imprint: Springer, 2017.
Subjects:
Online Access:Full Text via HEAL-Link
LEADER 02856nam a22005055i 4500
001 978-981-10-3539-5
003 DE-He213
005 20170116100400.0
007 cr nn 008mamaa
008 170116s2017 si | s |||| 0|eng d
020 |a 9789811035395  |9 978-981-10-3539-5 
024 7 |a 10.1007/978-981-10-3539-5  |2 doi 
040 |d GrThAP 
050 4 |a LC8-6691 
072 7 |a JNF  |2 bicssc 
072 7 |a EDU034000  |2 bisacsh 
082 0 4 |a 379  |2 23 
245 1 0 |a Global Voices in Education  |h [electronic resource] :  |b Ruth Wong Memorial Lectures, Volume II /  |c edited by Oon Seng Tan, Hee Ong Wong, Seok Hoon Seng. 
264 1 |a Singapore :  |b Springer Singapore :  |b Imprint: Springer,  |c 2017. 
300 |a XII, 125 p. 1 illus.  |b online resource. 
336 |a text  |b txt  |2 rdacontent 
337 |a computer  |b c  |2 rdamedia 
338 |a online resource  |b cr  |2 rdacarrier 
347 |a text file  |b PDF  |2 rda 
505 0 |a 1 Beginning Literacy in Two Languages -- 2 A Vision of Education in the 21st Century -- 3 Music Education for National Development: The Philippine Experience -- 4 National Education and the Scientific Tradition -- 5 Approaching the New Millennium: Education at the Crossroads -- 6 Breaking the Cycle of Literacy Disadvantage in the 21st Century -- 7 Education Administration: Analysis, New Challenges and Responses -- 8 Education and Human Resources Development for the Knowledge Economy: A Personal Perspective -- 9 Women and Leadership in Institutions of Higher Learning -- 10 Motivation, Engagement and Educational Performance: International Perspective. 
520 |a This book (Volume II) brings together lectures given by eminent educationalists between 1983 and 2008 in memory of the work of Ruth Wong, an influential figure in the field of education in the 1970s and early 1980s. Addressing learning, schooling, teaching, teacher education, educational research and policy innovations, it is a must-read for educators, education leaders and policy makers interested in making education more uplifting and successful for the next generation of learners. 
650 0 |a Education. 
650 0 |a School management and organization. 
650 0 |a School administration. 
650 0 |a Educational policy. 
650 0 |a ducation and state. 
650 0 |a Teaching. 
650 1 4 |a Education. 
650 2 4 |a Educational Policy and Politics. 
650 2 4 |a Administration, Organization and Leadership. 
650 2 4 |a Teaching and Teacher Education. 
700 1 |a Tan, Oon Seng.  |e editor. 
700 1 |a Wong, Hee Ong.  |e editor. 
700 1 |a Seng, Seok Hoon.  |e editor. 
710 2 |a SpringerLink (Online service) 
773 0 |t Springer eBooks 
776 0 8 |i Printed edition:  |z 9789811035388 
856 4 0 |u http://dx.doi.org/10.1007/978-981-10-3539-5  |z Full Text via HEAL-Link 
912 |a ZDB-2-EDA 
950 |a Education (Springer-41171)